Composition of Crude Oils and Petroleum Products
Gespeichert in:
| 1. Verfasser: | |
|---|---|
| Format: | Buch |
| Sprache: | Englisch |
| Veröffentlicht: |
Bratislava
STU FCHPT
2010
|
| Online-Zugang: | Im OPAC anzeigen |
| Tags: |
Keine Tags, Fügen Sie das erste Tag hinzu!
|
MARC
| LEADER | 00000nam a2200000 a 4500 | ||
|---|---|---|---|
| 005 | 20260127133929.0 | ||
| 008 | 101116 2010 xo 000 0 eng d | ||
| 035 | |a vtls010189292 | ||
| 039 | 9 | |a 201106031116 |b mschk03 |y 201011161147 |z mschk03 | |
| 040 | |a STUSCHK1 |b slo |c STUSCHK1 |e AACR2 | ||
| 100 | 1 | |a Aldhafairi, Habaib Ghali | |
| 245 | 1 | |a Composition of Crude Oils and Petroleum Products |c Habaib Ghali Aldhafairi | |
| 260 | |a Bratislava |b STU FCHPT |c 2010 | ||
| 300 | |a 19 s. |b il. |c 30 cm | ||
| 500 | |a Obháj.: febr. 2010 | ||
| 500 | |a Študijný program: engineering of chemical and environmental technologies | ||
| 500 | |a Študijný odbor: 5.2.18 chemical technologies | ||
| 500 | |a Bakalárska práca | ||
| 500 | |a FCHPT, Oddelenie environmentálneho inžinierstva | ||
| 500 | |a Evidenčné číslo: 60599 | ||
| 910 | |a SCHK95 | ||
| 999 | |c 286 |d 286 | ||